000 01073 a2200217 4500
001 36145
005 20260407155638.0
008 260407a1989 arg spa d
003 AR-UNSa-BCEJYS
040 _aAR-UNSa-BCEJYS
_bspa
_cAR-UNSa-BCEJYS
080 _a658.012.2
_xPlanificación. Programas. Planes. Medidas de apoyo a la planificación( Administración estratégica...)
245 1 0 _aAdministración y estrategia
_pun enfoque competitivo y emprendedor - Casos
250 _a2a. ed
264 1 _aBuenos Aires :
_bEdiciones Macchi
_c1989
300 _a351 p.
_c22 cm.
505 _a1. Planeamietno estrategico - 2. Formulación de estrategias - 3. Sistema Politico - 4. Protfolio análisis - 5. Decisiones y creatividad - 6. Análisis de competencia - 7. Análisis de consuidores - 8. Estructura - 9. Análisis de contexto - 10. Cultura - 11. Excelencia entrepreneurship e intrapreneurship - 12. Casos especiales de integración global.
942 _cBK
590 _aniveau_biblio:m niveau_hierar:0
100 1 _aHermida, Jorge Alfredo
700 1 _aSerra, Roberto
999 _c2616
_d2616